00708nam a22002177a 450000500170000001000110001702000100002803500110003803700160004904000120006508200170007710000160009424501270011026000360023727000490027330000320032250000190035465000450037365000550041870000170047320170124110008.0 a613114 c25.00 a613114 bCen Lib/Ret aDPLbEN a351.502bSET aSeth, D. D. aProvident fund manual annotated :cby D. D. Seth [and] Jagdish Palbcontaining relevant acts and rules with commentaries / aAllahabadbLaw Publishersc1971 aSardar Patel Marg, Post Box No-77bAllahabad axl, 384p. :c20cm(Hb)bill. aIncludes index aOld age pensions -- Law and legislation. aOld age pensions -- Law and legislation -- India.  aLal, Jagdish